000 00389nam a2200169Ia 4500
003 0STCL
008 150530s9999 xx 000 0 und d
040 _aSTCL
_cSTCL
100 _aLonover, W.J.
245 _aPractical nonparametric statistics
250 _aSecond
260 _bJohn Wiley
_c1980
546 _aEnglish
942 _2ddc
_cBK
999 _c25939
_d25939
005 20220125170042.0